The Forty-Niners : (Record no. 242019)
[ view plain ]
| 000 -LEADER | |
|---|---|
| fixed length control field | 00813cam a22002653a 4500 |
| 001 - CONTROL NUMBER | |
| control field | 12764 |
| 003 - CONTROL NUMBER IDENTIFIER | |
| control field | PGUSA |
| 005 - DATE AND TIME OF LATEST TRANSACTION | |
| control field | 20140828083256.0 |
| 008 - FIXED-LENGTH DATA ELEMENTS--GENERAL INFORMATION | |
| fixed length control field | 040628s2004||||xxu|||||s|||||000 | eng d |
| 040 ## - CATALOGING SOURCE | |
| Original cataloging agency | PGUSA |
| Language of cataloging | eng |
| 042 ## - AUTHENTICATION CODE | |
| Authentication code | dc |
| 050 #4 - LIBRARY OF CONGRESS CALL NUMBER | |
| Classification number | E151 |
| 050 #4 - LIBRARY OF CONGRESS CALL NUMBER | |
| Classification number | F850.5 |
| 100 1# - MAIN ENTRY--PERSONAL NAME | |
| Personal name | White, Stewart Edward, |
| Dates associated with a name | 1873-1946 |
| 245 14 - TITLE STATEMENT | |
| Title | The Forty-Niners : |
| Remainder of title | A Chronicle of the California Trail and El Dorado |
| Medium | [electronic resource] / |
| Statement of responsibility, etc | Stewart Edward White |
| 260 ## - PUBLICATION, DISTRIBUTION, ETC. (IMPRINT) | |
| Name of publisher, distributor, etc | Project Gutenberg, |
| Date of publication, distribution, etc | 2004 |
| 506 ## - RESTRICTIONS ON ACCESS NOTE | |
| Terms governing access | Public domain in the USA. |
| 516 ## - TYPE OF COMPUTER FILE OR DATA NOTE | |
| Type of computer file or data note | Electronic text |
| 653 ## - INDEX TERM--UNCONTROLLED | |
| Uncontrolled term | California -- History |
| 653 ## - INDEX TERM--UNCONTROLLED | |
| Uncontrolled term | California National Historic Trail |
| 653 ## - INDEX TERM--UNCONTROLLED | |
| Uncontrolled term | California -- Gold discoveries |
| 830 #0 - SERIES ADDED ENTRY--UNIFORM TITLE | |
| Uniform title | Project Gutenberg |
| Volume number/sequential designation | 12764 |
| 856 40 - ELECTRONIC LOCATION AND ACCESS | |
| Uniform Resource Identifier | <a href="http://www.gutenberg.org/ebooks/12764">http://www.gutenberg.org/ebooks/12764</a> |
| 942 ## - ADDED ENTRY ELEMENTS (KOHA) | |
| Koha item type | eBooks |
| Withdrawn status | Lost status | Damaged status | Home library | Current library | Date acquired | Total Checkouts | Date last seen | Price effective from | Koha item type |
|---|---|---|---|---|---|---|---|---|---|
| Project Gutenberg | Project Gutenberg | 08/28/2014 | 08/28/2014 | 08/28/2014 | eBooks |